000
00261nam a22001217a 4500
008
170427b xxu||||| |||| 00| 0 eng d
041
_a
eng
080
_a
54
100
_a
12
101
_a
SHM
245
_a
CHEMICAL ANALYSIS
_c
CHURCHILL.H.V
942
_2
udc
_c
BK
999
_c
12233
_d
12233